| 000 | 00390cam a22001337a 4500 | ||
|---|---|---|---|
| 008 | 180718b1990 xxu||||| |||| 00| 0 eng d | ||
| 020 | _a0060914556 | ||
| 082 | _aT11 Sm51 | ||
| 100 | _aBruchey, Stuart | ||
| 245 |
_aThe wealth of the nation: an economic history of the United States _cby Stuart Bruchey |
||
| 260 |
_aNew Delhi _bAsian _c1990 |
||
| 300 | _a259p. | ||
| 650 | _aWealth, economics | ||
| 999 |
_c493195 _d493195 |
||